000 00781nam a22002531 4500
001 36150
003 BD-RjUL
005 20211209052436.0
008 140617s1964 nyu b 001 0 eng d
035 _a(BD-RjUL)36247
035 _a(OCoLC)400654
040 _aDLC
_cODaWU
_dOCoLC
_dDLC
_dBD-RjUL
_beng
041 _aeng
082 0 0 _a942.085
_bBOB 1964
100 1 _aBoyd, Francis,
_d1910-
_9110031
245 1 0 _aBritish politics in transition, 1945-63 /
_cFrancis Boyd.
260 _aLondon :
_bPall Mall Press,
_c1964.
300 _a253 p.
_c21 cm.
504 _aBibliographical references included in "Notes" (p. 240-242) and index.
651 0 _aGreat Britain
_xPolitics and government
_y1945-1964.
_973729
942 _2ddc
_cBK
999 _c36150
_d36150